Comparative Analysis of Routing Protocols for Underwater Sensor Networks (ME Thesis) (Record no. 67413)

MARC details
000 -LEADER
fixed length control field 00414nam a22001217a 4500
100 ## - MAIN ENTRY--AUTHOR NAME
Personal name Yumna Sikander
-- 17MSIT21
-- Supervisor - Dr Adnan Ahmed Arain
245 ## - TITLE STATEMENT
Title Comparative Analysis of Routing Protocols for Underwater Sensor Networks (ME Thesis)
260 ## - PUBLICATION, DISTRIBUTION, ETC. (IMPRINT)
Place of publication Nawabshah
Name of publisher QUEST
Year of publication 2021
300 ## - PHYSICAL DESCRIPTION
Number of Pages 37p.
700 ## - ADDED ENTRY--PERSONAL NAME
Personal name department of Information Technology
856 ## - ELECTRONIC LOCATION AND ACCESS
Uniform Resource Identifier http://tinyurl.com/5f26tjce
942 ## - ADDED ENTRY ELEMENTS (KOHA)
Koha item type Thesis and Dissertation
Holdings
Withdrawn status Lost status Home library Current library Date acquired Accession Number Koha item type
    Research Section Research Section 12/01/2022 MP/76-1040 Thesis and Dissertation
    Research Section Research Section 12/01/2022 MP/76-1041 Thesis and Dissertation
    Research Section Research Section 12/01/2022 MP/76-1042 Thesis and Dissertation